भये कबीर कबीर / (Record no. 117947)

MARC details
000 -LEADER
fixed length control field 01160nam a22002657a 4500
005 - DATE AND TIME OF LATEST TRANSACTION
control field 20170124103103.0
010 ## - LIBRARY OF CONGRESS CONTROL NUMBER
LC control number B-192721
020 ## - INTERNATIONAL STANDARD BOOK NUMBER
Terms of availability 00.00
International Standard Book Number 8171243843
035 ## - SYSTEM CONTROL NUMBER
System control number B-192721
037 ## - SOURCE OF ACQUISITION
Source of stock number/acquisition Cen Lib/Ret
040 ## - CATALOGING SOURCE
Original cataloging agency DPL
Language of cataloging HN
082 ## - DEWEY DECIMAL CLASSIFICATION NUMBER
Classification number 821.08
Item number शुकदे
100 ## - MAIN ENTRY--PERSONAL NAME
Personal name शुकदेव सिंह
9 (RLIN) 77636
245 ## - TITLE STATEMENT
Title भये कबीर कबीर /
Statement of responsibility, etc शुकदेव सिंह
246 ## - VARYING FORM OF TITLE
Title proper/short title Bhaye Kabeer Kabeer /
Remainder of title by Shukadev Singh
260 ## - PUBLICATION, DISTRIBUTION, ETC. (IMPRINT)
Place of publication, distribution, etc वाराणसी
Name of publisher, distributor, etc विश्वविद्यालय प्रकाशन
Date of publication, distribution, etc 2005
270 ## - ADDRESS
City वाराणसी
Address चौक
Postal code 221001
300 ## - PHYSICAL DESCRIPTION
Extent 263पृ.
Dimensions 20सेमी(सजिल्द )
500 ## - GENERAL NOTE
General note परिशिष्ट एवं ग्रन्थ सूची भी शामिल
650 ## - SUBJECT ADDED ENTRY--TOPICAL TERM
Topical term or geographic name as entry element साहित्य--कविता
General subdivision
9 (RLIN) 77637
650 ## - SUBJECT ADDED ENTRY--TOPICAL TERM
Topical term or geographic name as entry element हिंदी--कविता--निर्गुण भक्ति काव्य
9 (RLIN) 77638
650 ## - SUBJECT ADDED ENTRY--TOPICAL TERM
Topical term or geographic name as entry element Literature--Poetry
9 (RLIN) 77639
650 ## - SUBJECT ADDED ENTRY--TOPICAL TERM
Topical term or geographic name as entry element Hindi--poetry--Bhakti poetry attributes
9 (RLIN) 77640
942 ## - ADDED ENTRY ELEMENTS (KOHA)
Source of classification or shelving scheme Dewey Decimal Classification
Koha item type Hindi Books
Classification part 821.08
Call number suffix शुकदे
Holdings
Withdrawn status Lost status Damaged status Not for loan Home library Current library Date acquired Source of acquisition Cost, normal purchase price Total Checkouts Total Renewals Full call number Barcode Date last seen Date checked out Copy number Cost, replacement price Price effective from Koha item type
        Central Library Central Library 09/09/2015 Cen Lib/Ref 0.00 3 1 821.08 शुकदे B-192721 18/03/2019 07/03/2019 1 0.00 09/09/2015 Hindi Books

© Delhi Public Library
Hit Counter
free hit counter